00809nam a22001097a 4500040000800000082002600008100001800034245050900052260002600561300002500587856008700612 cRUA aAVM UM 2007 B080 Or.1 aUM, CHANDARA. aThe effect of leucaena leaf on growth rate of avian at animal experiment station of the royal university of agriculture, ឥទ្ធិពលនៃការបន្ថែមស្លឹកកន្ធំថេតក្នុុងចំណីផ្សំលើការលូតលាស់របស់មាន់ពូជ​ avian នៅក្នុងស្ថានីយ៏ពិសោធន៏សត្វ នៃសាកលវិទ្យាល័យភូមិន្ទទកសិកម្ម aPhnom PenhbRUAc2007 ax; 42p.bill.c29CM. uhttps://drive.google.com/file/d/12VrJ_CCnGmdE6vNUcbigkjUAIpCQ9LpD/view?usp=sharing